Satchel : (Record no. 589471)

MARC details
000 -LEADER
fixed length control field 00477nam a2200193 a 4500
008 - FIXED-LENGTH DATA ELEMENTS--GENERAL INFORMATION
fixed length control field 250924s2010##################000#0#eng##
020 ## - INTERNATIONAL STANDARD BOOK NUMBER
ISBN 9780812977974
082 04 - DEWEY DECIMAL CLASSIFICATION NUMBER
Classification number 796.357092
Item number TYE
100 1# - MAIN ENTRY--AUTHOR NAME
Personal name Tye, Larry,
245 10 - TITLE STATEMENT
Title Satchel :
260 ## - PUBLICATION, DISTRIBUTION, ETC. (IMPRINT)
Name of publisher Random House Trade Paperbacks,
Year of publication 2010.
300 ## - PHYSICAL DESCRIPTION
Number of Pages 434 pages
650 #0 - SUBJECT ADDED ENTRY--TOPICAL TERM
Topical Term Sports & Recreation.
942 ## - ADDED ENTRY ELEMENTS (KOHA)
Koha item type English Books
Holdings
Withdrawn status Lost status Damaged status Not for loan Home library Current library Shelving location Date acquired Full call number Accession Number Price effective from Koha item type
        Anna Centenary Library Anna Centenary Library 6TH FLOOR, B WING 24.09.2025 796.357092 TYE 505196 24.09.2025 English Books

Find us on the map